Epidemiology for public health practice /
Saved in:
| Main Author: | |
|---|---|
| Other Authors: | |
| Format: | Book |
| Published: |
Sudbury, Mass. :
Jones and Bartlett Publishers,
c2009.
|
| Edition: | 4th ed. |
| Subjects: | |
| Online Access: | Visit NHRC Library |
| Tags: |
Add Tag
No Tags, Be the first to tag this record!
|
| LEADER | 02073nam a22003617a 4500 | ||
|---|---|---|---|
| 003 | 1657 | ||
| 952 | |0 0 |1 0 |2 NLM |4 0 |6 WA_105_000000000000000_FRI_2009 |7 0 |9 1249 |a NHRC |b NHRC |c CART |d 2013-01-22 |l 0 |o WA 105/FRI/2009 |p 001657 |r 2013-01-22 |w 2013-01-22 |y BK | ||
| 999 | |c 1215 |d 1215 | ||
| 020 | |a 9780763751616 (pbk.) | ||
| 020 | |a 0763751618 (pbk.) | ||
| 035 | |a (OCoLC)ocn185042599 | ||
| 035 | |a (OCoLC)185042599 | ||
| 040 | |a DNLM/DLC |c DLC |d NLM |d BAKER |d YDXCP |d C#P |d BWX |d VAM |d DLC | ||
| 042 | |a pcc | ||
| 060 | 1 | 0 | |a WA 105 |b F912e 2009 |
| 082 | 0 | 0 | |a 614.4 |2 22 |
| 100 | 1 | |a Friis, Robert H. |9 625 | |
| 245 | 1 | 0 | |a Epidemiology for public health practice / |c Robert H. Friis, Thomas A. Sellers. |
| 250 | |a 4th ed. | ||
| 260 | |a Sudbury, Mass. : |b Jones and Bartlett Publishers, |c c2009. | ||
| 300 | |a xxii, 717 p. : |b ill. (some col.), maps (some col.) ; |c 23 cm. | ||
| 500 | |a Book | ||
| 504 | |a Includes bibliographical references and index. | ||
| 505 | 0 | |a History and scope of epidemiology -- Practical applications of epidemiology -- Measures of morbidity and mortality used in epidemiology -- Descriptive epidemiology: persons, place, time -- Sources of data for use in epidemiology -- Study designs: ecologic, cross-sectional, case-control -- Study designs: cohort studies -- Experimental study designs -- Measures of effect --Data interpretation issues -- Screening for disease in the community -- Epidemiology of infectious diseases -- Epidemiologic aspects of work and the environment -- Molecular and genetic epidemiology -- Psychologic, behavioral, and social epidemiology -- Epidemiology as a profession. | |
| 650 | 0 | |a Epidemiology. |9 327 | |
| 650 | 0 | |a Public health personnel. |9 662 | |
| 650 | 1 | 2 | |a Epidemiology. |9 327 |
| 650 | 2 | 2 | |a Public Health. |9 614 |
| 700 | 1 | |a Sellers, Thomas A. |9 663 | |
| 856 | 4 | 1 | |3 Table of contents only |u http://www.loc.gov/catdir/toc/ecip087/2007051846.html |y Visit NHRC Library |
| 906 | |a 7 |b cbc |c orignew |d 1 |e ecip |f 20 |g y-gencatlg | ||
| 942 | |2 NLM |c BK | ||
| 955 | |a jb00 2007-12-26 CIP rec'd |a aa27 2008-01-02 |a ps09 2008-07-03 1 copy rec'd., to CIP ver. | ||